30 Facts That Start with 'V' Quiz Stats

 Plays Quiz Updated Nov 7, 2017

Also try: The Double Quiz
Challenge
Share
Tweet
Embed
Score 0/30 Timer 05:00
0 Plays Today
Question Answer % Correct
Caracas is the capital city of what country?Venezuela
89.9%
The name of what car company means 'people's car' in German?Volkswagen
88%
What country is completely surrounded by Rome, Italy and serves as the headquarters of the Roman Catholic Church?Vatican City
87.2%
Which 'Harry Potter' character is referred to as 'He-Who-Must-Not-Be-Named'?Voldemort (Lord)
84%
In A.D. 79, the eruption of which volcano destroyed Pompeii and Herculaneum?Vesuvius
83.9%
Who was the Roman goddess of love and beauty?Venus
83.9%
Which conflict ended with the Fall of Saigon in 1975?Vietnam War
83.8%
What name is given to the meat of a game animal, especially a deer?Venison
83.8%
What kind of mythical being is known for feeding on the blood of living creatures?Vampire
81.3%
Dinkley is the surname of which Scooby-Doo character?Velma
79%
What name is given to the professional NFL team based in Minneapolis, Minnesota?Vikings
78.9%
'Spike', 'Block' and 'Dig' are terms used in what sport?Volleyball
78.4%
In 'Star Trek', Mr. Spock is half-human and half-... what?Vulcan
77.9%
What name is given to a female fox?Vixen
77.1%
Who starred opposite Jennifer Aniston in the 2006 film 'The Break-Up'?Vaughn (Vince)
75.5%
Question Answer % Correct
Since 1988, Anna Wintour has been editor-in-chief for what U.S. magazine?Vogue
75.4%
Which artist was famous for his series of paintings of Sunflowers?van Gogh (Vincent)
69.6%
Which Italian composer is famous for his 'Four Seasons' violin concertos?Vivaldi (Antonio)
69.4%
By what name is dilute acetic acid more commonly known?Vinegar
68.2%
Who wrote 'Around the World in Eighty Days' and 'Twenty Thousand Leagues Under the Sea'?Verne (Jules)
66.4%
Which American actor is the father of Angelina Jolie?Voight (Jon)
60.1%
Shakespeare's 'Romeo and Juliet' is set in what Italian city?Verona
57.7%
David Lee Roth was the original lead singer in what U.S. rock group?Van Halen
56.1%
The gorgon Medusa is the symbol of which Italian fashion house?Versace
55%
Under what trade name is the drug sildenafil citrate commonly sold?Viagra
55%
What 1958 Hitchcock film stars James Stewart as John 'Scottie' Ferguson?Vertigo
54.4%
In mathematics, what name is given to a quantity with both magnitude and direction?Vector
52.1%
From the French word for 'bicycle', what name is given to a purpose-built cycling arena?Velodrome
49.1%
What plastic trumpet achieved notoriety at the 2010 South Africa FIFA World Cup?Vuvuzela
48.7%
What Colombian-American actress is known for playing 'Gloria Delgado-Pritchett' on the ABC show 'Modern Family'?Vergara (Sofía)
48.6%

You're not logged in!

Compare scores with friends on all Sporcle quizzes.
Join for Free
OR
Log In

You Might Also Like...

Show Comments

Extras

Top Quizzes Today


Score Distribution

Your Account Isn't Verified!

In order to create a playlist on Sporcle, you need to verify the email address you used during registration. Go to your Sporcle Settings to finish the process.

Report this User

Report this user for behavior that violates our Community Guidelines.

Details: